Statistiche per Primi 15 paesi interessati da Covid-19 - 2 maggio

Clicka qui per fare il quiz!

Statistiche generali

  • Questo quiz è stato fatto 3 volte
  • Il punteggio medio è 8 su 23

Statistiche sulle risposte

nazione% Corretto
Italia
100%
Stati Uniti
100%
Cina
67%
Francia
67%
Germania
67%
Russia
67%
Spagna
67%
Belgio
33%
Belgio
33%
Paesi Bassi
33%
Portogallo
33%
Regno Unito
33%
Singapore
33%
Svezia
33%
Svizzera
33%
Turchia
33%
Bahrain
0%
Brasile
0%
Canada
0%
Iran
0%
Irlanda
0%
Perù
0%
Qatar
0%

Distribuzione punteggi

Percentile per numero di risposta

Percentuale di utenti per punteggio

I tuoi punteggi nel tempo

Non hai fatto questo quiz